La révolution de 1848 et ses détracteurs / (Record no. 159655)

MARC details
000 -LEADER
campo de control de longitud fija 00856nam a22002055i 4500
001 - NÚMERO DE CONTROL
campo de control 159655
003 - IDENTIFICADOR DE NÚMERO DE CONTROL
campo de control ES-MaACL
005 - FECHA Y HORA DE LA ÚLTIMA TRANSACCIÓN
campo de control 20251207150625.0
008 - DATOS DE LONGITUD FIJA--INFORMACIÓN GENERAL
campo de control de longitud fija 991203s1875 fr |||| | fre d
040 ## - FUENTE DE CATALOGACIÓN
Centro catalogador/agencia de origen CAM
Lengua de catalogación spa
Centro/agencia transcriptor CAM
100 1# - ENTRADA PRINCIPAL--NOMBRE DE PERSONA
Nombre de persona Mill, John Stuart,
Fechas asociadas al nombre 1806-1873
9 (RLIN) 81119
245 13 - MENCIÓN DEL TÍTULO
Título La révolution de 1848 et ses détracteurs /
Mención de responsabilidad, etc. par J. Stuart Mill; traduction et préface de Sadi Carnot.
260 ## - PUBLICACIÓN, DISTRIBUCIÓN, ETC.
Lugar de publicación, distribución, etc. Paris :
Nombre del editor, distribuidor, etc. Librairie Germer Bailliére,
Fecha de publicación, distribución, etc. 1875 (
Lugar de fabricación/manufactura Coulommiers :
Fabricante Typog. A. Moussin)
300 ## - DESCRIPCIÓN FÍSICA
Extensión XXX, 129 p. ;
Dimensiones 18 cm.
650 #4 - PUNTO DE ACCESO ADICIONAL DE MATERIA--TÉRMINO DE MATERIA
Término de materia o nombre geográfico como elemento de entrada Revoluciones-
Subdivisión geográfica Europa-
Subdivisión cronológica S.XIX.
9 (RLIN) 147658
651 #7 - PUNTO DE ACCESO ADICIONAL DE MATERIA--NOMBRE GEOGRÁFICO
Nombre geográfico Francia-
Subdivisión general Historia-
Subdivisión cronológica 1848, Revolución de febrero
Fuente del encabezamiento o término
9 (RLIN) 147659
700 1# - ENTRADA AGREGADA--NOMBRE PERSONAL
Nombre de persona Carnot, Sadi,
Fechas asociadas al nombre 1796-1832
9 (RLIN) 35388
852 ## - LOCALIZACIÓN
Ubicación ES-MaACL
Número de control de estantería T-286-F-2
Nota libre -- Enc. hol.
condición física -- Falto de la cub. original
Nota libre -- Enc. en un vol. facticio
Holdings
Estatus retirado Estado de pérdida Estado de daño No para préstamo Colección Biblioteca de origen Biblioteca actual Ubicación en estantería Fecha de adquisición Total de préstamos Signatura topográfica completa Código de barras Visto por última vez Precio de reemplazo Tipo de ítem Koha
        Colección de folletos Biblioteca del Ateneo de Madrid Biblioteca del Ateneo de Madrid Depósito folletos 17/01/2008   T-286-F-2 1167141 23/02/2023 23/02/2023 Folleto